Ester, Krata Kraf No. 21 (Registro nro. 47993)
[ vista simple ]
| 000 -LÍDER | |
|---|---|
| Campo fijo de descripción fija | 002710000a22001210004500 |
| 082 04 - NÚMERO DE CLASIFICACIÓN DECIMAL DEWEY | |
| Número de clasificación | G CTH K855e |
| 001 - NÚMERO DE CONTROL | |
| Campo de control | 789 |
| 245 10 - TÍTULO | |
| Título del Material | Ester, Krata Kraf No. 21 |
| 260 ## - PUBLICACIÓN, DISTRIBUCIÓN, ETC. (PIE DE IMPRENTA) | |
| Lugar de publicación, distribución, etc. | [S.L.] Publicaciones Mensaje de Vida |
| 300 ## - DESCRIPCIÓN FÍSICA | |
| Extensión | 21 P. |
| 650 14 - ASIENTO SECUNDARIO DE MATERIA - TERMINO TEMÁTICO | |
| Término temático o nombre geográfico como elemento de entrada | Literatura Infantil |
| 942 ## - TIPO DE MATERIAL (KOHA) | |
| Tipo de Item KOHA | Z- Libro General BINCO |
No hay ítems disponibles.
